NHL Stanley Cups - Statistics

General Stats
  • This quiz has been taken 322 times
    289 since last reset
  • The average score is 6 of 6
Answer Stats
# of cups Answer % Correct
23 Montreal Canadiens
99%
13 Toronto Maple Leafs
96%
6 Boston Bruins
93%
11 Detroit Red Wings
91%
6 Chicago Blackhawks
90%
5 Edmonton Oilers
89%
No matching quizzes found
Score Distribution
Percent of People with Each Score
Percentile by Number Answered
Your Score History
You have not taken this quiz since the last reset